| 000 | 00388nam a2200145Ia 4500 | ||
|---|---|---|---|
| 008 | 240624s9999 xx 000 0 und d | ||
| 041 | _aeng | ||
| 082 | _a647.94068 BOE | ||
| 100 | _aBOELLA MICHAEL J | ||
| 245 | _aHUMAN RESOURCE MANAGEMENT HOSPITALITY IN | ||
| 250 | _a(9th ed.) | ||
| 260 |
_c2014 _aNew Delhi _bRoutledge India |
||
| 300 | _axv, : 331 : p. : cm. ; 24 | ||
| 365 |
_cRS _b31 |
||
| 999 |
_c27102 _d27102 |
||